书目信息 |
| 题名: |
社会康复学
|
|
| 作者: | 马洪路 主编 | |
| 分册: | ||
| 出版信息: | 北京 华夏出版社 2003.12 |
|
| 页数: | 178页 | |
| 开本: | 26cm | |
| 丛书名: | ||
| 单 册: | ||
| 中图分类: | R492 | |
| 科图分类: | ||
| 主题词: | 社会康复--高等教育--教材 | |
| 电子资源: | ||
| ISBN: | 978-7-5080-2965-8 | |
| 000 | 00808nam0 2200241 450 | |
| 001 | 0108153915 | |
| 005 | 20210308154403.0 | |
| 010 | @a978-7-5080-2965-8@dCNY24.00 | |
| 100 | @a20210307e20112003em y0chiy0110 ea | |
| 101 | 0 | @achi |
| 102 | @aCN@b110000 | |
| 105 | @ay z 000yy | |
| 106 | @ar | |
| 200 | 1 | @a社会康复学@AShe Hui Kang Fu Xue@f马洪路主编 |
| 210 | @a北京@c华夏出版社@d2003.12@h2011.01 | |
| 215 | @a178页@d26cm | |
| 300 | @a北京市高等教育精品教材建设立项项目 | |
| 330 | @a本书包括:概论,残疾与残疾预防,残疾人的婚姻与家庭,社会康复个案工作,社会康复的法律、法规与政策,职业康复与社会康复的配合,改善残疾人的生活环境等12章。 | |
| 606 | 0 | @a社会康复@x高等教育@j教材 |
| 690 | @aR492@v5 | |
| 701 | 0 | @a马洪路@AMa Hong Lu@4主编 |
| 801 | 0 | @aCN@bBJSZM@c20210308 |
| 905 | @b1272939-42@dR492@e140@f4 | |
| 社会康复学/马洪路主编.-北京:华夏出版社,2003.12(2011.01) |
| 178页;26cm |
| 北京市高等教育精品教材建设立项项目 |
| ISBN 978-7-5080-2965-8:CNY24.00 |
| 本书包括:概论,残疾与残疾预防,残疾人的婚姻与家庭,社会康复个案工作,社会康复的法律、法规与政策,职业康复与社会康复的配合,改善残疾人的生活环境等12章。 |
| ● |
| 相关链接 |
|
|
|
|
正题名:社会康复学
索取号:R492/140
 
预约/预借
| 序号 | 登录号 | 条形码 | 馆藏地/架位号 | 状态 | 备注 |
| 1 | 1272939 | 212729396 | 第二样本阅览室/ [索取号:R492/140] | 在馆 | |
| 2 | 1272940 | 212729403 | 教育系资料室/ [索取号:R492/140] | 在馆 | |
| 3 | 1272941 | 212729412 | 教育系资料室/ [索取号:R492/140] | 在馆 | |
| 4 | 1272942 | 212729421 | 第三借阅区/ [索取号:R492/140] | 在馆 |